| 000 | 00916cam a2200253 a 4500 | ||
|---|---|---|---|
| 001 | 3469118 | ||
| 005 | 20260422143144.0 | ||
| 008 | 930204s1993 nyuab b 001 0 eng | ||
| 020 |
_a0231081820 _qalk. paper |
||
| 020 |
_a0231081839 _qpbk. : alk. paper |
||
| 020 |
_a9780231081825 _q(alk. paper) |
||
| 020 |
_a9780231081832 _q(pbk. : alk. paper) |
||
| 050 | 0 | 0 |
_aF1466.5 _b.S76 1993 |
| 082 | 0 | 0 |
_a320.97281 _220 |
| 100 | 1 |
_aStoll, David, _d1952- |
|
| 245 | 1 | 0 |
_aBetween two armies in the Ixil towns of Guatemala / _cDavid Stoll. |
| 260 |
_aNew York : _bColumbia University Press, _cc1993. |
||
| 300 |
_axviii, 383 p. : _bill., maps ; _c24 cm. |
||
| 650 | 0 |
_aGovernment, Resistance to _zGuatemala _xHistory. |
|
| 650 | 0 |
_aIxil Indians _xSocial conditions. |
|
| 650 | 0 |
_aLadino (Latin American people) _xSocial conditions. |
|
| 650 | 0 |
_aIndians of Central America _zGuatemala _xSocial conditions. |
|
| 942 |
_2lcc _cBK _n0 |
||
| 999 |
_c9496 _d9496 |
||